| 000 | 01149nam a22002897a 4500 | ||
|---|---|---|---|
| 003 | BD-DhSAU | ||
| 005 | 20181212123554.0 | ||
| 008 | 151103b2014 bg ||||| |||| 001 0 eng d | ||
| 040 | _aBD-DhSAU | ||
| 082 |
_222 _a630.2 _bH253 |
||
| 100 |
_aHaque, Md. Nazmul Haque _eRegistration no. #07-02445 |
||
| 245 |
_aEffects of different retransplanting dates on the growth, yield and nutrient contents of late aman rice cultivars / _bMS thesis |
||
| 260 |
_aSher-e-Bangla Agricultural Uniersity : _bDepartment of Agricultural Chemistry, _c2014 |
||
| 300 |
_aviii, 59 p. : _bill. ; _c30 cm. |
||
| 500 | _aMS thesis of Department of Agricultural Chemistry , Faculty of Agriculture, Sher-e-Bangla Agricultural University, Dhaka, Bangladesh. | ||
| 590 | _aMd. Sirajul Islam | ||
| 650 | _a Agricultural Chemistry | ||
| 650 | _aGrowth | ||
| 650 | _aYield | ||
| 650 | _aNutrient | ||
| 650 | _aAman | ||
| 650 | _aRice | ||
| 700 |
_aZamil, Sheikh Shawkat _eSupervisor |
||
| 700 |
_aRazzaque, Md. Abdur _eCo-Supervisor |
||
| 856 |
_uhttp://archive.saulibrary.edu.bd:8080/xmlui/handle/123456789/2002 _yOnline Access |
||
| 942 |
_2ddc _cTHESIS |
||
| 999 |
_c13205 _d13204 |
||